|
|
|
|
| LEADER |
00000naa2a2200000 4500 |
| 001 |
163271 |
| 005 |
20231031160733.0 |
| 035 |
|
|
|a (RuTPU)RU\TPU\book\177156
|
| 090 |
|
|
|a 163271
|
| 100 |
|
|
|a 20090812d2008 k y0rusy50 ca
|
| 101 |
0 |
|
|a rus
|
| 102 |
|
|
|a RU
|
| 200 |
1 |
|
|a Управление конфликтными ситуациями
|f К. В. Гнедаш
|g науч. рук. О. Н. Жданова
|
| 320 |
|
|
|a Библиогр.: 3 назв.
|
| 463 |
|
0 |
|0 (RuTPU)RU\TPU\book\164855
|t Труды XII региональной научно-практической конференции студентов и учащейся молодежи "Прогрессивные технологии и экономика в машиностроении"
|o [сборник]
|f Томский политехнический университет (ТПУ), Юргинский технологический институт (ЮТИ)
|v С. 128-130
|d 2008
|p 225 с.
|
| 610 |
1 |
|
|a конфликты
|
| 610 |
1 |
|
|a конфликтные ситуации
|
| 610 |
1 |
|
|a управление
|
| 610 |
1 |
|
|a стили поведения
|
| 610 |
1 |
|
|a поведение
|
| 610 |
1 |
|
|a соперничество
|
| 610 |
1 |
|
|a приспособление
|
| 610 |
1 |
|
|a компромисс
|
| 610 |
1 |
|
|a уклонение
|
| 610 |
1 |
|
|a сотрудничество
|
| 610 |
1 |
|
|a психологический климат
|
| 610 |
1 |
|
|a труды учёных ТПУ
|
| 700 |
|
1 |
|a Гнедаш
|b К. В.
|
| 702 |
|
1 |
|a Жданова
|b О. Н.
|4 727
|
| 801 |
|
1 |
|a RU
|b 63413507
|c 20090812
|
| 801 |
|
2 |
|a RU
|b 63413507
|c 20091126
|g RCR
|
| 942 |
|
|
|c BK
|